00326nam a2200145Ia 4500008004000000041000800040082001200048100000600060245002800066260004600094650001100140650001600151650000700167650000600174210210b1956 xxu||||| |||| 00| 0 eng d aeng a824/293 a- aShakespeare survey No 9 aCambridgebAt the University Press.c1956 asurvey aShakespeare aNo a9